Le vers francais

Salvato in:
Dettagli Bibliografici
Autore principale: Deloffre, Fréderic
Natura: Libro
Lingua:Undetermined
Pubblicazione: París, Francia Sedes 1969
Soggetti:
Tags: Aggiungi Tag
Nessun Tag, puoi essere il primo ad aggiungerne!!

MARC

LEADER 00000nam a2200000Ia 4500
008 170316s9999 xx 000 0 und d
090 |a 801 D-5v 
100 |a Deloffre, Fréderic 
245 |a Le vers francais 
260 |a París, Francia 
260 |b Sedes 
260 |c 1969 
300 |a 179 páginas 
650 |a TEORÍA LITERARIA 
650 |a FRANCÉS-VERSIFICACION 
650 |a RIMA 
650 |a ARTE POÉTICO 
650 |a POEMAS 
650 |a HIATO 
650 |a RENACIMIENTO 
650 |a VERSOS ROMÁNTICOS 
999 |c 20244  |d 20244 
040 |a cru BVZT 
942 |c 15 D  |h 801 D-5v  |2 z